| 000 | 00638nam a22002177a 4500 | ||
|---|---|---|---|
| 003 | OSt | ||
| 005 | 20140310181919.0 | ||
| 008 | 130718t xxu||||| |||| 00| 0 eng d | ||
| 020 | _a9812430407 | ||
| 050 |
_aQD 45 _b.Sl634 2002 |
||
| 082 |
_aTR 540.02 _bSl5 2002 |
||
| 100 |
_aSlowinski, Emil J. _91449 |
||
| 245 |
_aChemical principles in the laboratory / _cEmil J. Slowinski ... [et al.] |
||
| 260 |
_aPacific Grove : _bThomson Learning, _cc2002. |
||
| 300 |
_a248 p. : _bill. ; _c28 cm. |
||
| 521 | _aFaculty | ||
| 541 | _j1 | ||
| 562 | _e1 | ||
| 650 |
_aChemistry _xLaboratory manuals. _91450 |
||
| 942 |
_2lcc _cBK-TR _kTR |
||
| 999 |
_c6917 _d6917 |
||